Central Library OPAC University of Rajshahi

The design of small direct-current motors / (Record no. 13162)

MARC details
000 -LEADER
fixed length control field 00713cam a22002411 4500
001 - CONTROL NUMBER
control field 13162
003 - CONTROL NUMBER IDENTIFIER
rucl marc code BD-RjUL
005 - DATE AND TIME OF LATEST TRANSACTION
control field 20211208235420.0
008 - FIXED-LENGTH DATA ELEMENTS--GENERAL INFORMATION
fixed length control field 140130s1961 nyua 000 0 eng
035 ## - SYSTEM CONTROL NUMBER
System control number (BD-RjUL)13213
040 ## - CATALOGING SOURCE
Original cataloging agency DLC
Transcribing agency BD-RjUL
Modifying agency BD-RjUL
Language of cataloging eng
041 ## - LANGUAGE CODE
Language code of text/sound track or separate title eng
082 ## - DEWEY DECIMAL CLASSIFICATION NUMBER
Classification number 621.3132
Author mark and year PUD 1961
100 1# - MAIN ENTRY--PERSONAL NAME
Personal name Puchstein, A. F.
Fuller form of name (Albert Frederick)
Dates associated with a name 1886-
9 (RLIN) 40988
245 14 - TITLE STATEMENT
Title The design of small direct-current motors /
Statement of responsibility, etc. A. F. Puchstein.
260 ## - PUBLICATION, DISTRIBUTION, ETC. (IMPRINT)
Place of publication, distribution, etc. New York,
Name of publisher, distributor, etc. Wiley
Date of publication, distribution, etc. c1961.
300 ## - PHYSICAL DESCRIPTION
Pagination x, 407 p.
Illustrations ill.
Size 24 cm.
504 ## - BIBLIOGRAPHY, ETC. NOTE
Bibliography, etc Includes bibliography and index
650 #0 - SUBJECT ADDED ENTRY--TOPICAL TERM
Topical term or geographic name as entry element Electric motors, Direct current.
9 (RLIN) 40989
942 ## - ADDED ENTRY ELEMENTS (KOHA)
Source of classification or shelving scheme Dewey Decimal Classification
Koha item type Books
Holdings
Lost status Source of classification or shelving scheme Damaged status Not for loan Collection code Permanent Location Current Location Shelving location Date acquired Source of acquisition Cost, normal purchase price Total Checkouts Full call number Date last seen Copy number Koha item type
  Dewey Decimal Classification     Non-fiction Central Library, University of Rajshahi Central Library, University of Rajshahi   13/11/1967 Zeitlinger 96.00   621.3132 PUD 1961 30/01/2014 C-2 Books
  Dewey Decimal Classification   Not For Loan Non-fiction Central Library, University of Rajshahi Central Library, University of Rajshahi Reading Room 13/11/1967 Zeitlinger 96.00   621.3132 PUD 1961 25/05/2017 C-1 Books
  Dewey Decimal Classification     Non-fiction Central Library, University of Rajshahi Central Library, University of Rajshahi   13/11/1967 Zeitlinger 96.00   621.3132 PUD 1961 29/05/2017 C-3 Books
  Dewey Decimal Classification     Non-fiction Central Library, University of Rajshahi Central Library, University of Rajshahi   13/11/1967 Zeitlinger 96.00   621.3132 PUD 1961 29/05/2017 C-4 Books
  Dewey Decimal Classification     Non-fiction Central Library, University of Rajshahi Central Library, University of Rajshahi   13/11/1967 zeitlinger 96.00   621.3132 PUD 1961 02/03/2019 C-5 Books